000 00404nam a2200145Ia 4500
008 100122s9999 xx 000 0 und d
082 _b10515
_a823.08
100 _aअग्निहोत्री अ शं
245 _aरंजना
260 _bश्रीराम प्रकाशन
_c1961
300 _a113
630 _aरंजना
730 _aरंजना
942 _cBOOK
999 _c402140
_d402137